I studii corsi - Statistiques

Statistiques générales
  • Ce quiz a été pris 8 fois
  • Le résultat moyen est 11 sur 15
Statistiques - réponses
Question Réponse % Correct
Presidente, pueta, spenghjifocu, bellu, forte, pilotu.... Caputo
100%
Power point, vechja, amore of my life Celine
100%
Carcu soldi, sempre in ritardu, attenti à a vittura !!! Jean Michel
100%
Carcu soldi, chjucu, rompicuglione, intrugnatu, attore, malinu, kiste. Carlu Doum's
67%
A cigaretta, 4 anni d'attempatu, penche à droite les jours d'élections Catane
67%
Nasone, un ghjacaru goffu goffu, "arreeeeeeeete" Francescu Saveriu
67%
Vechju, puliticu, waf waf Jean Laurent
67%
Forza gfca, in scola à mezzu tempu, conca è casino life Juliette
67%
Rompicugliona, l'ochji turchini, sempre à u telefonu Lesia Maria
67%
Prufessore, ochji cugnini, lamentu di u prigiuneru, celu di balagna, a dota Loric
67%
Chjuca, viulinu, "Dooose" Mariane
67%
Mai quì, Oriente, GP life Maria Stella
67%
Hà cumpratu u permessu, sempre u risu, scema Palma
67%
Maestru di morra, kiné u luni, vole minà a vechja Pierre André
67%
Biondu, di Linguizzetta. Jean Michel
33%
Aucun quiz correspondant
Distribution des résultats
% des personnes avec chaque résultat
Percentile par nombre de réponses
Votre historique - résultats
Vous n’avez pas pris ce quiz